<?xml version="1.0" encoding="UTF-8"?>
<record
    xmlns:xsi="http://www.w3.org/2001/XMLSchema-instance"
    xsi:schemaLocation="http://www.loc.gov/MARC21/slim http://www.loc.gov/standards/marcxml/schema/MARC21slim.xsd"
    xmlns="http://www.loc.gov/MARC21/slim">

  <leader>00392nam a2200145Ia 4500</leader>
  <controlfield tag="008">220803s9999    xx            000 0 und d</controlfield>
  <datafield tag="020" ind1=" " ind2=" ">
    <subfield code="a">3-7643-7489-6</subfield>
  </datafield>
  <datafield tag="041" ind1=" " ind2=" ">
    <subfield code="a">eng</subfield>
  </datafield>
  <datafield tag="082" ind1=" " ind2=" ">
    <subfield code="a">720.47 SCH</subfield>
  </datafield>
  <datafield tag="100" ind1=" " ind2=" ">
    <subfield code="a">Schittich C</subfield>
    <subfield code="9">19082</subfield>
  </datafield>
  <datafield tag="245" ind1=" " ind2=" ">
    <subfield code="a">Semi-Detached and Terraced Houses</subfield>
  </datafield>
  <datafield tag="260" ind1=" " ind2=" ">
    <subfield code="a">Boston</subfield>
    <subfield code="b">Birkhauser Publisher</subfield>
    <subfield code="c">2006</subfield>
  </datafield>
  <datafield tag="300" ind1=" " ind2=" ">
    <subfield code="a">176p</subfield>
  </datafield>
  <datafield tag="650" ind1=" " ind2=" ">
    <subfield code="a">Environmental Architecture</subfield>
    <subfield code="9">19083</subfield>
  </datafield>
  <datafield tag="999" ind1=" " ind2=" ">
    <subfield code="c">13091</subfield>
    <subfield code="d">13091</subfield>
  </datafield>
  <datafield tag="952" ind1=" " ind2=" ">
    <subfield code="0">0</subfield>
    <subfield code="1">0</subfield>
    <subfield code="4">0</subfield>
    <subfield code="7">0</subfield>
    <subfield code="8">Book of B Arch</subfield>
    <subfield code="a">BNCA</subfield>
    <subfield code="b">BNCA</subfield>
    <subfield code="c">T1</subfield>
    <subfield code="d">2007-08-08</subfield>
    <subfield code="e">Pritam Book Centre</subfield>
    <subfield code="g">3042.38</subfield>
    <subfield code="l">2</subfield>
    <subfield code="o">728 SCH</subfield>
    <subfield code="p">BNCA-BK-5699</subfield>
    <subfield code="r">2025-08-14 00:00:00</subfield>
    <subfield code="s">2025-08-05</subfield>
    <subfield code="v">65.00</subfield>
    <subfield code="w">2007-07-27</subfield>
    <subfield code="y">RF</subfield>
    <subfield code="z">B005699</subfield>
  </datafield>
  <datafield tag="952" ind1=" " ind2=" ">
    <subfield code="0">0</subfield>
    <subfield code="1">0</subfield>
    <subfield code="4">0</subfield>
    <subfield code="7">0</subfield>
    <subfield code="8">Book of B Arch</subfield>
    <subfield code="a">BNCA</subfield>
    <subfield code="b">BNCA</subfield>
    <subfield code="c">M</subfield>
    <subfield code="d">2010-03-15</subfield>
    <subfield code="e">Word Book Shop</subfield>
    <subfield code="g">3489.00</subfield>
    <subfield code="l">1</subfield>
    <subfield code="o">728 SCH</subfield>
    <subfield code="p">BNCA-BK-6877</subfield>
    <subfield code="r">2025-07-29 00:00:00</subfield>
    <subfield code="s">2025-07-24</subfield>
    <subfield code="v">65.00</subfield>
    <subfield code="w">2010-03-10</subfield>
    <subfield code="y">RF</subfield>
    <subfield code="z">B006877</subfield>
  </datafield>
</record>
